01702 a2200193 4500003000500000005001700005020001500022040000900037082001100046100002800057245008600085260003500171300001100206505111100217650002501328942001201353999001901365952012401384Nust20221027181613.0 a8120310055 cNust a621.31 aIndulkar, C. S.9101578 aPower system transientsba statistical approach /cC. S. Indulkar & D. P. Kothari aPrentice HallbNew Delhic2003 a176 p. aProbability Distribution of Switching Surge Overvoltages (Page-5-17), Application of Insulators to Withstand Switching Surges (Page-18-26), Probability of Failure of an EHV Transmission Line (Page-27-39), Accuracy of Statistical Methods in Insulation Evaluation (Page-40-45), Statistical Estimation of Phase to Phase Risk of Failure (Page-46-57), Suitability of Gaussian Stress Distribution for Statistical Line Insulation Design (Page- 58-62), Statistical Distribution of Impulse Breakdown in Oil –Filled Cable (Page-63-70), Method of Grading EHV Cables Based on Statistical Breakdown Stress (Page-71-81), Probability of Failure of Motor Windings (Page-82-102), Frequency of Occurrence of Lightning Flashes and Shielding of Transmission Lines (Page- 103-116), Characteristics of External Insulation (Page-117-124), A Case Study of Statistical Switching Over-Voltages in a Phase-Shifting Transformer (Page-137-146), Statistical Evaluation of Peak Switching Over Voltages in EHV Overhead Lines (Page-147-154), Statistical Evaluation of Peak Switching Over Voltage in EHV Underground Cables (Page-155-162). aPower system9101579 2ddccBK c180512d180512 00102ddc4070aMCSbMCScGENd2016-12-12o621.31,INDpMCS30916r2016-12-08w2016-12-12yBKzAlmirah No.28, Shelf No.6